Sectarismo religioso y conflicto social

La actual crisis en la región centroamericana ha agudizado todo el comportamiento de los habitantes de la región. Esto alimenta una situación de anomía que demanda respuestas urgentes. Al perder la "fe" en las fuerzas dominantes y buscando una salida a sus problemas inmediatos, es cuando l...

Disgrifiad llawn

Wedi'i Gadw mewn:
Manylion Llyfryddiaeth
Prif Awdur: Valverde Rojas, Jaime
Fformat: Texto
Cyhoeddwyd: San José :
Pynciau:
Tagiau: Ychwanegu Tag
Dim Tagiau, Byddwch y cyntaf i dagio'r cofnod hwn!

MARC

LEADER 00000 a a2200000 04500
001 12760
003
040
090 |a 024400  
100 |a Valverde Rojas, Jaime  
245 |a Sectarismo religioso y conflicto social  
260 |a San José :  
300 |a 30 p.  
300 |b **no definido**  
520 |a La actual crisis en la región centroamericana ha agudizado todo el comportamiento de los habitantes de la región. Esto alimenta una situación de anomía que demanda respuestas urgentes. Al perder la "fe" en las fuerzas dominantes y buscando una salida a sus problemas inmediatos, es cuando la religión se presenta como uno de los más importantes sistemas de escape. Y por este motivo, en el artículo se hace todo un análisis sobre esta cuestión. SM/eb  
650 |a IGLESIAS PROTESTANTES  
650 |a CONFLICTOS SOCIALES  
650 |a IGLESIA CATOLICA  
650 |a RELIGION  
650 |a ALIENACION  
650 |a LEGITIMIDAD  
650 |a CONDICIONES SOCIALES  
650 |a PROTESTANTES  
650 |a IDEOLOGIAS  
650 |a IGLESIAS PROTESTANTES  
650 |a PROTESTANTES  
999 |c 6603  |d 6603